LDR 01000naa#a2200181#i#450# 001 RU\\bibl\19981 005 20260702025141.4 100 ## _a20260630b2026####ek#y0rusy0150####ca 102 ## _aRU 200 1# _aРАЗРАБОТКА АЛГОРИТМОВ СЖАТИЯ ДАННЫХ С РЕГУЛИРУЕМЫМИ ПОТЕРЯМИ ДЛЯ СИСТЕМ ИНТЕРНЕТА ВЕЩЕЙ _eСтатья/тезисы конференции 210 1# _aВоронеж _cВоронежский государственный лесотехнический университет имени Г.Ф. Морозова _d2026 215 ## _a10 с. 608 ## _aСтатья/тезисы конференции _2local 675 ## _aИнформационные технологии. Компьютерные технологии. Теория вычислительных машин и систем. 004 _z 700 #1 _aМишушина _gЕ. О. 700 #1 _aБенамри _gИ. 700 #1 _aАботчие _gДж. В. 856 4# _abibl.vgltu.ru _u